000 00210nam a22000977a 4500
999 _c263463
_d263462
020 _a0439412811
100 _a Ellen Raskin
245 _aThe Westing game
260 _aNew York
_bScholastic
_c1978
942 _cBK